Szczegóły MARC21

Nauka o organizacji /

003 -Nazwa inst., której nr kontr. jest w polu 001 [,]
    • @
    • Nazwa instytucji, której n kontrolny jest w polu 001
    • NUKAT
005 -DATA I CZAS OSTATNIEJ MODYFIKACJI [,]
    • @
    • pole kontrolne
    • 20241231113238.0
020 -Międzynarod. znormalizowany nr książki - ISBN [ , ]
    • a
    • Numer ISBN
    • 9788360585122 Find
040 -Instytucja sporządzająca opis [ , ]
    • a
    • Instytucja, która sporządziła opis (NP)
    • BYDG 24/kj
    • c
    • Instytucja, która sporządziła rekord (NP)
    • BYDG 24/kj
    • d
    • Instytucja, która zmodyfikowała rekord (P)
    • BYDG 24/MM
    • d
    • Instytucja, która zmodyfikowała rekord (P)
    • BYDG 24/MSzs
942 -Rodzaj dokumentu [ , ]
    • c
    • Rodzaj dokumentu
    • Książka
100 -Hasło główne - nazwa osobowa [1, ]
    • a
    • Nazwa osobowa (NP)
    • Cyfert, Szymon.
    • 9
    • KHW
    • 975
245 -Strefa tytułu i oznaczenia odpowiedzialności [1,0]
    • a
    • Tytuł
    • Nauka o organizacji / Find
    • c
    • Pozostałe elementy strefy tytułu i oznaczenia odpowiedzialności (NP)
    • Szymon Cyfert, Kazimierz Krzakiewicz.
260 -Strefa adresu wydawniczego [ , ]
    • a
    • Miejsce wydania (P)
    • Poznań :
    • b
    • Nazwa wydawcy (P)
    • Towarzystwo Naukowe Organizacji i Kierownictwa,
    • c
    • Data wydania (P)
    • 2009.
300 -Strefa opisu fizycznego [ , ]
    • a
    • Określenie formy książki i/lub objętość (NP)
    • 248 s. :
    • b
    • Oznaczenie ilustracji (NP)
    • il. ;
    • c
    • Format (NP)
    • 24 cm.
336 -Typ zawartości [ , ]
    • a
    • Termin opisujący typ zawartości
    • Tekst
    • b
    • Kod określający zawartość
    • txt
    • 2
    • Źródło (terminu i kodu)
    • rdacontent
337 -Typ mediów [ , ]
    • a
    • Tryb odtwarzania
    • Bez urządzenia pośredniczącego
    • b
    • Kod typu mediów
    • n
    • 2
    • Źródło (terminu i kodu)
    • rdamedia
338 -Typ/rodzaj nośnika [ , ]
    • a
    • Hasło opisujące typ nośnika
    • Wolumin
    • b
    • Kod typu nośnika
    • nc
    • 2
    • Źródło (terminu i kodu)
    • rdacarrier
504 -Uwaga dot. bibliogr. załącznikowej [ , ]
    • a
    • Uwaga dot. bibliografii załącznikowej
    • Bibliogr. s. 239-248.
080 -Uniwersalna Klasyfikacja Dziesiętna [ , ]
    • 2
    • Identyfikator wydania tablic
    • UDC-P058
    • a
    • Symbol klasyfikacji
    • 658.1/.5
    • b
    • Dopowiedzenie
    • Organizacja przedsiębiorstwa
    • x
    • Poddział wspólny
    • (075)
    • b
    • Dopowiedzenie
    • (Podręczniki szkolne i akademickie).
080 -Uniwersalna Klasyfikacja Dziesiętna [ , ]
    • 2
    • Identyfikator wydania tablic
    • UDC-P058
    • a
    • Symbol klasyfikacji
    • 005.5
    • b
    • Dopowiedzenie
    • Zarządzanie. Działania zarządcze.
    • x
    • Poddział wspólny
    • (075)
    • b
    • Dopowiedzenie
    • (Podręczniki szkolne i akademickie).
650 -Hasło przedmiotowe [ ,7]
    • a
    • Hasło przedmiotowe
    • Organizacja.
    • 2
    • Źródło terminu
    • kaba
    • 9
    • KHW
    • 122584
650 -Hasło przedmiotowe [ ,7]
    • a
    • Hasło przedmiotowe
    • Organizacja przedsiębiorstwa.
    • 2
    • Źródło terminu
    • kaba
    • 9
    • KHW
    • 122587
980 -Symbol UKD [ , ]
    • a
    • UKD
    • 658.1/.5:005.5](075)
700 -Hasło dodatkowe - nazwa osobowa [1, ]
    • a
    • Nazwa osobowa (NP)
    • Krzakiewicz, Kazimierz. Find
    • 9
    • KHW
    • 980
920 -ISBN [ , ]
    • a
    • ISBN
    • 978-83-60585-12-2 Find
Sygnatura Numer inwentarzowy Status udost. Lokalizacja Data inwentaryzacji
 E.72002-2BE2009-08-11
005GW.5727-3BE2016-02-16